01750nam a2200481 i 450000100060000000300090000600500170001500800390003201500180007102000150008904000280010404100080013204600090014008000170014908000210016608000210018708000160020808000220022410000440024624501960029026000500048630000340053633600270057033700540059733800280065138000160067938000230069538800100071850400530072865000300078165000290081165000120084065000080085265000180086065000250087865800280090365800370093165000280096870000330099671000620102985600980109185600790118940975KOSZ 00520220622145005.0040607s2002 pl a f |000 0 pol aPB 2004/13492 a8388283863 aWA NcWA NdKOSZ 005/HR0 apol k2002 a346.54(4-67) a349.23/.24(4-67) a331.45/.46(4-67) a346.7(4-67) a62-1/-8.004(4-67)1 aKrzyżyński, Tomaszd(1959- )eAutor10aOcena zgodności i bezpieczeństwa maszyn i urządzeń w świetle wymagań europejskiej dyrektywy maszynowej /cTomasz Krzyżyński, Beata Krzyżyńska ; Politechnika Koszalińska. aKoszalin :bWydawnictwo Uczelniane PK,c2002. a79 s. :brys., tab. ;c25 cm. 2rdacontentaTekstbtxt 2rdamediaaBez urządzenia pośredniczącegobn 2rdacarrieraWoluminbnc aKsiążki aPublikacje naukowe a2001- aBibliogr. s. 64, w zał. wykaz aktów prawnych. 4aBezpieczeństwo produktu 4aCertyfikacja zgodności 4aMaszyny 4aBHP 4aOznaczenie CE 4aUnia Europejska (UE) aInżynieria i technika aPrawo i wymiar sprawiedliwości 4aPrawo Unii Europejskiej1 aKrzyżyńska, BeataeAutor2 aWydawnictwo Uczelniane (Politechnika Koszalińska)4pbl. uhttp://koha.tu.koszalin.pl/cgi-bin/koha/opac-detail.pl?biblionumber=40975yKatalog online BPK uhttp://dlibra.tu.koszalin.pl/dlibra/docmetadata?id=602yBiblioteka Cyfrowa